| 000 | 01851nam a2200433 i 4500 | ||
|---|---|---|---|
| 001 | DIGUNINOR0453 | ||
| 003 | NyNyDIG | ||
| 007 | cr ||||||||||| | ||
| 008 | 230522s2022 ck a ob 000 0 spa d | ||
| 006 | m o d | ||
| 035 | _a(OCoLC)1380643383 | ||
| 040 |
_aDGITA _beng _erda _epn _cDGITA |
||
| 020 |
_a9789587593068 _qeBook _qpdf |
||
| 020 |
_a9789587593075 _qeBook _qePub |
||
| 020 |
_z9789587593051 _qimpreso |
||
| 043 | _as-ck--- | ||
| 050 | 1 | 4 | _aJZ5584.C7 ebook |
| 100 | 1 |
_aNates Cruz, Beatriz, _eauthor. |
|
| 245 | 1 | 0 |
_aColombia, la civilidad de los bárbaros : _bnarrativas territoriales de las Ex-FARC-EP (2016-2020) / _cBeatríz Nates-Cruz, Diana Rico Revelo. |
| 264 | 1 |
_aBarranquilla, Colombia : _bEditorial Uninorte ; _aManizales, Caldas, Colombia : _bEditorial Universidad de Caldas, _c[2022] |
|
| 300 |
_a1 online resource : _billustrations. |
||
| 336 |
_atext _btxt _2rdacontent |
||
| 337 |
_acomputer _bc _2rdamedia |
||
| 338 |
_aonline resource _bcr _2rdacarrier |
||
| 347 |
_atext file _2rdaft |
||
| 347 | _bPDF | ||
| 504 | _aIncludes bibliographical references. | ||
| 588 | 0 | _aOnline resource; title from PDF title page (Digitalia, viewed May 22, 2023) | |
| 650 | 0 |
_aPeace-building _zColombia. |
|
| 650 | 0 |
_aGuerrillas _zColombia. |
|
| 651 | 0 |
_aColombia _xHistory _y21st century. |
|
| 700 | 1 |
_aRico Revelo, Diana Carolina, _eauthor. |
|
| 791 | 2 |
_aDigitalia (Firm), _edistributor. |
|
| 793 | 0 |
_gDigitalia eBook Collection: _aEdiciones Uninorte |
|
| 776 | 0 | 8 |
_iPrint version: _aNates Cruz, Beatriz. _tColombia, la civilidad de los bárbaros. _dBarranquilla, Colombia : Editorial Uninorte ; Manizales, Caldas, Colombia : Editorial Universidad de Caldas, [2022] _z9789587593051 |
| 856 | 4 | 0 |
_3Digitalia Hispánica _uhttps://www.digitaliapublishing.com/a/124768/ |
| 910 | _aPremium collection: 2023 | ||
| 942 | _cRAA | ||
| 999 |
_c276798 _d276798 |
||